<La> réforme de la PAC.

Reforma spoločnej poľnohospodárskej politiky (PAC). Prečo ju bolo potrebné reformovať a ako? Nová poľnohospodárska politika spočíva v zmenách a v lepšej konkurenčnej schopnosti. Nevyriešené otázky veľkých kultúr a dojníc. Koľko bude stáť nová politika a kedy sa uskutoční? Príloha: podrobné opatrenia...

Ausführliche Beschreibung

Gespeichert in:
Bibliographische Detailangaben
1. Verfasser: Pilot, Ph
Format: Buchkapitel
Sprache:Französisch
Schlagworte:
Tags: Tag hinzufügen
Keine Tags, Fügen Sie das erste Tag hinzu!

MARC

LEADER 00000naa a2200000 4500
001 r011595
005 20220913124653.5
041 0 |a fre 
044 |a FR 
245 1 0 |a <La> réforme de la PAC.  |c Ph. Pilot 
520 |a Reforma spoločnej poľnohospodárskej politiky (PAC). Prečo ju bolo potrebné reformovať a ako? Nová poľnohospodárska politika spočíva v zmenách a v lepšej konkurenčnej schopnosti. Nevyriešené otázky veľkých kultúr a dojníc. Koľko bude stáť nová politika a kedy sa uskutoční? Príloha: podrobné opatrenia pre obilniny, olejnaté rastliny, dobytok a mlieko. (Paysans 1992, č.214.). 
610 2 0 |a politika poľnohospodárska 
610 2 0 |a konkurencieschopnosť 
610 2 0 |a výroba rastlinná 
610 2 0 |a výroba živočíšna 
610 2 0 |a Európske spoločenstvá 
610 2 0 |a ceny 
610 2 0 |a subvencie 
610 2 0 |a ukazovatele kvantitatívne 
100 1 |a Pilot, Ph.